| 000 | 00391nam a2200157Ia 4500 | ||
|---|---|---|---|
| 008 | 230312s9999||||xx |||||||||||||| ||und|| | ||
| 020 | _a1-405-19852-3 | ||
| 082 |
_a720.68 _bCHA-A |
||
| 100 | _aChappell;David | ||
| 245 | 0 | _aArchitect in Practice | |
| 260 |
_bWiley& Blackwell _aUSA _c2010 |
||
| 300 | _a412 | ||
| 546 | _aEng. | ||
| 650 |
_aArchitecture _vArchitect in Practice |
||
| 942 | _cBK | ||
| 999 |
_c8279 _d8279 |
||